Communes of French Guiana (with map) - Statistics

General Stats
  • This quiz has been taken 141 times
    77 since last reset
  • The average score is 10 of 22
Answers on the Map
Answers color-coded by a green-red scale on the quiz's map according to % correct below.
 
Answer Stats
Answer % Correct
Cayenne
95%
Maripasoula
65%
Saint-Georges
55%
Saint-Laurent-du-Maroni
55%
Kourou
50%
Mana
50%
Saül
50%
Apatou
45%
Awala-Yalimapo
45%
Camopi
40%
Papaichton
40%
Régina
40%
Remire-Montjoly
40%
Roura
40%
Saint-Elie
40%
Sinnamary
40%
Grand-Santi
35%
Macouria
35%
Matoury
35%
Iracoubo
30%
Montsinéry-Tonnegrande
25%
Ouanary
25%
No matching quizzes found
Score Distribution
Percent of People with Each Score
Percentile by Number Answered
Your Score History
You have not taken this quiz since the last reset